Random image guns from CSGO - Statistics

General Stats
  • This quiz has been taken 144 times
  • The average score is 9 of 16
Answer Stats
Picture Answer % Correct
Ak47
100%
MP7
76%
Glock-18
72%
Nova
70%
Negev
66%
PP-Bizon
64%
M4A4
62%
MP9
62%
Revolver
62%
Sawed-off
62%
Mp5sd
57%
M249
51%
SG553
40%
SSG 08
38%
CZ75-Auto
27%
Dual barettas
15%
No matching quizzes found
Score Distribution
Percent of People with Each Score
Percentile by Number Answered
Your Score History
You have not taken this quiz